000 00447nam a2200169Ia 4500
005 20250508163232.0
008 008 250505s9999 xx 000 0 eng d
037 _aTextual
040 _aFEDL
_beng
_cFEDL
041 _aeng
_2eng
084 _a371.42, GAR
_qFEDL
100 _aGarg B. R.
_9102253
245 0 _aSheshik awam vyavsaik nirdeshan
300 _aiii,136p.
942 _cTEXL
_h371.42, GAR
999 _c1381683
_d1381683